ਨਵੀਂ ਵਿਧਾ ਦਾ ਨਾਵਲਕਾਰ ਮਿੱਤਰ ਸੈਨ ਮੀਤ / (Record no. 98116)

MARC details
000 -LEADER
fixed length control field 00612nam a22001937a 4500
005 - DATE AND TIME OF LATEST TRANSACTION
control field 20151106150834.0
010 ## - LCCN (DPL NO)
LC control number PUN-7787
020 ## - INTERNATIONAL STANDARD BOOK NUMBER
Terms of availability 160.00
035 ## - SYSTEM CONTROL NUMBER
System control number PN-6905
037 ## - SOURCE OF ACQUISITION
Stock number unistar books
082 ## - DEWEY DECIMAL CLASSIFICATION NUMBER
Classification number 853.08
100 ## - MAIN ENTRY--PERSONAL NAME
Personal name ਕਮਲਜੀਤ ਸਿੰਘ
245 ## - TITLE STATEMENT
Title ਨਵੀਂ ਵਿਧਾ ਦਾ ਨਾਵਲਕਾਰ ਮਿੱਤਰ ਸੈਨ ਮੀਤ /
246 ## - VARYING FORM OF TITLE
Title proper/short title Naven vidha da nowelkaar mitter sen meet
Remainder of title by Kamaljit Singh
250 ## - EDITION STATEMENT
Edition statement 2012
260 ## - PUBLICATION, DISTRIBUTION, ETC. (IMPRINT)
Place of publication, distribution, etc Chandigarh
Name of publisher, distributor, etc Unistar Books
300 ## - PHYSICAL DESCRIPTION
Extent Pg.96
Other physical details 22cmਸਜਿਲਦ
942 ## - ADDED ENTRY ELEMENTS (KOHA)
Source of classification or shelving scheme Dewey Decimal Classification
Item type Punjabi Bks
Classification part 853.08
Call number prefix ਕਮਲ
Holdings
Withdrawn status Lost status Not for loan Collection code Home library Current library Date acquired Source of acquisition Cost, normal purchase price Full call number Barcode Copy number Cost, replacement price Koha item type
      Non-fiction D.B.Act.Division D.B.Act.Division 06/11/2015 DBAD 160.00 853.08 PN-6905 1 160.00 Punjabi Bks

© Delhi Public Library
Hit Counter
free hit counter